|
|
|
|
| LEADER |
00000cam a2200000 a 4500 |
| 001 |
vtls001123672 |
| 003 |
SK-MaSNL |
| 005 |
20260301233334.0 |
| 008 |
250414s1987 xo a g n 000 0 slo |
| 015 |
|
|
|a SNBA1988/02
|
| 035 |
|
|
|a SNK000066515
|
| 035 |
|
|
|a urn:nbn:sk:snk-amkeko
|
| 035 |
|
|
|a urn:nbn:sk:snk-am0089q2
|
| 035 |
|
|
|a FD64D0CB-7E2D-402A-B6FA-50223B2718C8
|
| 040 |
|
|
|a SNK
|b slo
|c SNK
|e AACR2
|
| 041 |
0 |
|
|a slo
|
| 044 |
|
|
|a xo
|c SK
|
| 080 |
|
|
|a 796.332(075.4)
|2 1981
|
| 100 |
1 |
|
|a Korček, František,
|d 1930-2010
|4 aut
|9 183246
|
| 245 |
1 |
0 |
|a Futbal
|b učebnica pre školenie trénerov
|c František Korček, Viliam Luknár
|
| 250 |
|
|
|a 1. vyd.
|
| 260 |
|
|
|a Bratislava
|b Šport
|a S.l.
|b Telovýchovnú školu SÚV ČSZTV v Bratislave [vyd.]
|c 1987
|e Nitra
|f Nitrianske tlačiarne
|
| 300 |
|
|
|a 298 s.
|b sch., tab.
|c 21 cm
|
| 366 |
|
|
|e 4000 výt.
|
| 490 |
1 |
|
|a Učebné texty
|
| 500 |
|
|
|a Lit. 18. 18 zázn. v slov. a češ.
|
| 504 |
|
|
|a Bibliogr.: s. 297-298
|
| 650 |
0 |
7 |
|a futbal
|2 SNKPH
|9 3291
|
| 650 |
0 |
7 |
|a trénerstvo
|2 SNKPH
|9 86000
|
| 655 |
|
7 |
|a učebnice
|2 SNKPH
|9 22521
|
| 700 |
1 |
|
|a Luknár, Viliam,
|d 1939-2021
|4 aut
|9 9689
|
| 830 |
|
0 |
|a Učebné texty
|9 279252
|
| 852 |
|
|
|a Slovenská národná knižnica
|
| 954 |
|
|
|a odborná, vedecká literatúra pôvodná (slovenská)
|2 lita
|
| 958 |
|
|
|a OND
|
| 958 |
|
|
|a TL
|
| 958 |
|
|
|a NB
|
| 999 |
|
|
|c 965739
|d 967669
|
| 952 |
|
|
|a SNK
|b SNK
|y VYP
|7 0
|p 17A0504220
|o snkSC 70568 D1
|i snkKSP 671/88
|0 0
|1 0
|4 0
|d 2006-04-25
|l 0
|r 2026-02-24 10:35:50
|w 2026-02-24
|
| 952 |
|
|
|t P60, <03>, [BOOK], {603}
|a SNK
|b SNK
|y PREZ
|7 0
|p 17A0175557
|o snkSC 70568
|0 0
|1 0
|4 0
|d 1999-01-26
|l 0
|r 2025-07-21 00:00:00
|w 2026-02-24
|